Overlapping Circles 2 - Statistics

General Stats
  • This quiz has been taken 10 times
  • The average score is 12 of 14
Answer Stats
Distance Cities Countries % Correct
125 km Tbilisi and Yerevan Armenia | Azerbaijan | Georgia
100%
250 km Kathmandu and Thimphu China | Nepal
100%
500 km Andorra la Vella, Monaco, and Vatican City France | Italy | Monaco
100%
250 km Castries and Port of Spain Grenada | Saint Vincent and the Grenadines
100%
125 km Banjul and Bissau Guinea-Bissau | Senegal
100%
2000 km La Paz, Managua, and Saint George's Colombia | Peru
89%
1000 km Algiers and Athens Italy | Malta
89%
2000 km Mogadishu and Tehran Oman | Saudi Arabia | Yemen
89%
8000 km Wellington and Windhoek Argentina | Australia | Chile | France
78%
4000 km Ottawa and Praia Barbados | Portugal
78%
500 km Mbabane and Maseru Eswatini | Lesotho | South Africa
78%
1000 km Apia and Funafuti Fiji | France | New Zealand
78%
4000 km Delap-Uliga-Djarrit and Pyongyang Japan | Micronesia | United States
67%
8000 km Cape Town, Islamabad, and San Jose Mauritania | Morocco | Spain
22%
No matching quizzes found
Score Distribution
Percent of People with Each Score
Percentile by Number Answered
Your Score History
You have not taken this quiz